Mýty. Arabské noci (a dny) /

Hlavní autor: Willingham, Bill, 1956-
Další autoři: Buckingham, Mark, 1966-, Fern, Jim, 1964-, Plata, Ľudovít, 1978-
Jazyk: Čeština
Vydáno: [Praha] : Crew s.r.o. ve spolupráci s nakladatelstvím Netopejr, 2015
Edice: Světové komiksy česky
Témata:
Fyzický popis: 142 nečíslovaných stran : barevné ilustrace ; 25 cm
Knihy
Uloženo v:
LEADER 01994cam a2200517 i 4500
001 nkc20152709900
003 CZ PrNK
005 20260306144921.0
007 ta
008 150519s2015 xr a e 6 000 1 cze d
015 |a cnb002709900 
020 |a 978-80-7449-305-8  |q (Crew ;  |q brožováno) 
020 |a 978-80-87044-85-8  |q (Netopejr ;  |q brožováno) :  |c Kč 399,00 
035 |a (OCoLC)923584013 
040 |a KLG001  |b cze  |d KVG001  |d OLA001  |d ABA001  |e rda 
041 1 |a cze  |h eng 
072 7 |a 741.52  |x Komiksy. Komiksové adaptace  |2 Konspekt  |9 21 
080 |a 741.52(0:82-322.9)  |2 MRF 
100 1 |a Willingham, Bill,  |d 1956-  |7 kv2008437704  |4 aut 
240 1 0 |a Arabian nights (and days).  |l Česky 
245 1 0 |a Mýty.  |p Arabské noci (a dny) /  |c Bill Willingham - scénář ; Mark Buckingham, Jim Fern - kresba ; Ľudovít Plata - překlad 
246 3 0 |a Arabské noci (a dny) 
264 1 |a [Praha] :  |b Crew s.r.o. ve spolupráci s nakladatelstvím Netopejr,  |c 2015 
300 |a 142 nečíslovaných stran :  |b barevné ilustrace ;  |c 25 cm 
336 |a text  |b txt  |2 rdacontent 
336 |a statický obraz  |b sti  |2 rdacontent 
337 |a bez média  |b n  |2 rdamedia 
338 |a svazek  |b nc  |2 rdacarrier 
490 1 |a Světové komiksy česky 
500 |a Přeloženo z angličtiny 
500 |a Na hřbetu označení svazku v sérii: 7 
521 8 |a Pouze pro dospělé čtenáře 
655 7 |a fantasy komiksy  |7 fd1057473  |2 czenas 
655 9 |a fantasy comics  |2 eczenas 
700 1 |a Buckingham, Mark,  |d 1966-  |7 mzk2007401209  |4 ill 
700 1 |a Fern, Jim,  |d 1964-  |7 kv2015872638  |4 ill 
700 1 |a Plata, Ľudovít,  |d 1978-  |7 xx0078537  |4 trl 
765 0 |t Fables  |9 Česky 
787 0 8 |i Z cyklu:  |t Mýty (Bill Willingham)  |g 7 
830 0 |a Světové komiksy česky  |0 s 
910 2 |a BOA001  |b 2-1351.618 
928 9 |a Netopejr 
990 |a BK 
995 |a 01 
991 |b 201509  |c NOV  |e b 
996 6 |b 2610642433  |c 2-1351.618  |l MZK  |r Sklad / do 1 hodiny  |n 2  |p p.v.  |w 001520115  |u 000010  |a 1  |e BOA001  |j MZK50  |s P